000 00547nam a2200217Ia 4500
003 OSt
005 20220928144009.0
006 a|||||r|||| 00| 0
007 ta
008 220927b |||||||| |||| 00| 0 eng d
024 _a23440
037 _cTextual
040 _aSDCL
_cSDCL
_beng
041 _2eng
_aeng
082 _aO15,2D66,1, M5
100 _aJha Ramesh Kumar Co.
_9506289
245 0 _aRatnawali-nathika.
260 _c1985
942 _hO15,2D66,1, M5
_cTEXL
_2CC
999 _c825386
_d825386